Методическое руководство по оценке прогнозных ресурсов твердых полезных ископаемых. Ч. 2: Оценка прогнозных ресурсов твердых горючих полезных ископаемых, черных и легирующих металлов (Запись № 5376196)

Подробности
000 -МАРКЕР
контрольное поле 01334nam2a22002531 4500
001 - ИДЕНТИФИКАТОР ЗАПИСИ
контрольное поле rc\492745
005 - ИДЕНТИФИКАТОР ВЕРСИИ
контрольное поле 20250621135208.0
035 ## - ДРУГИЕ СИСТЕМНЫЕ НОМЕРА
Идентификатор записи (NLR Aleph) 005809786
100 ## - ДАННЫЕ ОБЩЕЙ ОБРАБОТКИ
Данные общей обработки 20030616d1988 |||y0rusy50 ca
101 0# - ЯЗЫК РЕСУРСА
Язык текста, звукозаписи и т.д. русский
102 ## - СТРАНА ПУБЛИКАЦИИ ИЛИ ПРОИЗВОДСТВА
Страна публикации Российская Федерация
105 ## - ПОЛЕ КОДИРОВАННЫХ ДАННЫХ: ТЕКСТОВЫЕ МАТЕРИАЛЫ, МОНОГРАФИЧЕСКИЕ
Кодированные данные о монографическом текстовом документе y |||||||||
200 1# - ЗАГЛАВИЕ И СВЕДЕНИЯ ОБ ОТВЕТСТВЕННОСТИ
Основное заглавие Оценка прогнозных ресурсов твердых горючих полезных ископаемых, черных и легирующих металлов
Первые сведения об ответственности [Сост. Ф.Р. Апельцын и др.]
210 ## - ПУБЛИКАЦИЯ, РАСПРОСТРАНЕНИЕ И ДР.
Дата издания, распространения и т.д. 1988 (вып. дан. 1989)
Место издания, распространения и т.д. Б. м.
215 ## - ФИЗИЧЕСКАЯ ХАРАКТЕРИСТИКА
Специфическое обозначение материала и объем 199 с.
320 ## - ПРИМЕЧАНИЯ О НАЛИЧИИ В ДОКУМЕНТЕ БИБЛИОГРАФИИ / УКАЗАТЕЛЯ
Текст примечания Библиогр.: с. 197-198
333 ## - ПРИМЕЧАНИЯ ОБ ОСОБЕННОСТЯХ РАСПРОСТРАНЕНИЯ И ИСПОЛЬЗОВАНИЯ
Текст примечания ДСП. Экз. № 997
461 #0 - УРОВЕНЬ НАБОРА
Встроенное поле 001rc\492743
-- 2001#$aМетодическое руководство по оценке прогнозных ресурсов твердых полезных ископаемых$e[В 5 ч.]$fМ-во геологии СССР$vЧ. 2
Системный номер (АБИС) связанной записи 5376180
Место публикации М.
Дата публикации 1988
Издание 2-е изд., перераб.
Первые сведения об ответственности М-во геологии СССР
Имя издателя, распространителя и т.д. ВИЭМС
Сведения, относящиеся к заглавию [В 5 ч.]
Заглавие Методическое руководство по оценке прогнозных ресурсов твердых полезных ископаемых
Номер тома Ч. 2
801 #0 - ИСТОЧНИК ЗАПИСИ
Страна Российская Федерация
Организация NLR
Правила каталогизации psbo
801 #1 - ИСТОЧНИК ЗАПИСИ
Страна Российская Федерация
Организация ELAR
Источник данных rusmarc
852 ## - МЕСТОНАХОЖДЕНИЕ И ШИФР ХРАНЕНИЯ
Идентификатор организации NLR
Шифр хранения (Call Number) 90-50К/3047
942 ## - ДОПОЛНИТЕЛЬНЫЕ ЭЛЕМЕНТЫ ЗАПИСИ (АБИС)
Тип экземпляра АБИС Книга
980 ## - КОЛЛЕКЦИЯ
Название коллекции Национальная библиография
Экземпляры
Тип экземпляра Дата поступления Библиотека постоянного хранения Библиотека текущего хранения Место хранения Шифр хранения Штрих-код Статус экземпляра
Книга 26.10.2013 РНБ (Московский) РНБ (Московский) Фонд литературы для служебного пользования 90-50К/3047 1-1079840